| 000 | 02251nam a2200301 a 4500 | ||
|---|---|---|---|
| 001 | 000015198 | ||
| 003 | DO-SdBNP | ||
| 005 | 20250414082417.0 | ||
| 008 | 100203s2002 dr r 000 f spa d | ||
| 020 | _a9993442119 | ||
| 040 |
_aDO-SdBNP _bspa _cBNPHU |
||
| 082 | 4 |
_aRD863.4408 _bV443sa _222 |
|
| 100 | 1 |
_aVeloz Maggiolo, Marcio, _d1936-2021 _91104 |
|
| 245 | 1 | 0 |
_aSanto Domingo en la novela dominicana / _cestudio y selección de Marcio Veloz Maggiolo ; edición Andrés Blanco Díaz. |
| 260 |
_aSanto Domingo : _bEdiciones ferilibro, _c2002. |
||
| 300 |
_a233 p. ; _c23 cm. |
||
| 500 | _aIncluye datos biográficos del autor en las solapas | ||
| 504 | _aBibliografía : p. 213-227 | ||
| 505 | 0 |
_aPresentación/ _rCarlos esteban Deive -- _tSanto Domingo en la novela dominicana / _rMarcio Veloz Maggiolo -- _tLa sangre (una vida bajo la tiranía) / _rTulio M. Cestero _tNavarijo/ _rF. E. Moscoso Puello -- _tEusebio Sapote (La historia y la novela de un retrato)/ _rEnrique Aguiar-- _tLa pandilla / _rHaim López Penha-- _tEl viaje / _rManuel A. Amiama-- _tEn su niebla/ _rRamón Lacay Polanco -- _tCaonex/ _rJ.M. Sanz Lajara -- _tGuanuma/ _rFederico García Godoy -- _tLos carpinteros/ _rJoaquín Balaguer -- _tLa ciudad Herida / _rCarlos Federico Pérez -- _tLaura en sábado / _rManuel Rueda -- _tSólo cenizas hallarás (bolero) / _rPedro Vergés -- _tFantasma de una lejana fantasía / _rGuillermo Piña Contreras - _tMateria prima (protonovela)/ _rMarcio Veloz Maggiolo -- _tLa balada de Alfonsina Bairán / _rAndrés L. Mateo -- _tEl Personero / _rEfraim Castillo -- _tLos que falsificaron la firma de Dios / _rViriato Sención / _tLas siempre insólita cartas del destino / _rRoberto Marcallé Abreu -- _tToda la vida / _rManuel Salvador Gautier -- _tAquiles Vargas, Fantasma / _rManuel García cartagena -- _tYa los Oligarcas no bajan a la calle El Conde / _rPedro Peix |
|
| 590 | _aInventariado, 2020/VM | ||
| 650 | 1 | 4 |
_aNovela dominicana _xHistoria ycrítica _934429 |
| 650 | 1 | 4 |
_aLiteratura dominicana _xCrítica e interpretación _9216 |
| 650 | 1 | 4 |
_aNovela dominicana _vColecciones _934430 |
| 650 | 1 | 4 |
_aAutores dominicanos _xCrítica e interpretación _9158 |
| 700 | 1 |
_aBlanco Díaz, Andrés _eed. _9172 |
|
| 910 | _aValidado. Control de calidad. MFF | ||
| 942 |
_2ddc _cLBS1 |
||
| 999 |
_c14769 _d14769 |
||